000 00849nam a2200241Ia 4500
003 OSt
005 20220923220351.0
006 a|||||r|||| 00| 0
007 ta
008 220922b |||||||| |||| 00| 0 hin d
024 _a186,171
037 _cTextual
040 _aARTS
_cARTS
_bhin
041 _2hin
_ahin
082 _aY73(P152):1k, N0
100 _aश्रीवास्तव, लक्ष्मी प्रसाद
_9164008
245 0 _aबिहार लोक संस्कृति कोश
246 _aBihār lok sanskṛuti kosha
260 _aदरभंगा
_b सीताराम प्रकाशन
_c1990
300 _a248 पृ.
_ccm.
942 _hY73(P152):1k, N0
_cTEXL
_2CC
999 _c339416
_d339416